00824nam a2200229 i 4500001000300000245010000003260003600103300002100139650006000160650004500220700004100265020001500306040000800321041000700329080002800336920001800364942000700382008004100389999001700430856009800447952004900545bg00aDobra osobiste :bzbiór orzeczeń Sądu Apelacyjnego w Krakowie /coprac. Bogusław Gawlik. aKraków :b"Zakamycze",c1999. a378 s. ;c21 cm. 9aDobra osobistexochronaxprawozPolskaystan na 1999 r. 9aOrzecznictwo cywilnezPolskayod 1989 r.1 aGAWLIK, Bogusławd(1942- ).eOprac. a8388114034 cBPK0 apl a342.72/.73:347.95](438) a83-88114-03-4 cKS s pl f |000 0 pol  c36132d36132 uhttp://koha.tu.koszalin.pl/cgi-bin/koha/opac-detail.pl?biblionumber=36132yKatalog online BPK 00104070aBPKbBPKcwo49771p01435269yKS